01439nam a2200301 a 450000100100000000500170001000800410002702000180006804000250008608200170011110000430012824500620017126000390023330000210027250000570029350400320035059000270038265000400040965000330044965000170048291000370049995201150053695201210065195201160077295201160088895201160100499900170112000004357320250429115422.0140326s2014 dr 000 0 spa d a9781630681302 aDO-SdBNPbspacBNPHU a158.1bP438p1 aPérez Méndez, Joséd1962-97138814aLos Pobres también triunfan /cJosé Pérez Méndez. aSanto Domingo :bSantuario,c2014. a124 p. ;c23 cm. aIncluye datos biográficos del autor en las solapas aBibliografía : p. 121-124 aInventariado, 2018/MFF 7aSuperación personal2Sears910825 4aTécnicas de autoayuda9387 0aÉxito9394 aValidado. Control de calidad MFF 0010718PDaPDbPDcHDd2014-03-26iLF1l0o158.1 P438pp43573-10r2020-06-25w2020-06-25yLFPDZNo se presta 0010718PDaPDbPDcHDd2014-03-26iLF1l0o158.1 P438pp43573-20r2020-06-25te. 2w2020-06-25yLFPDZNo se presta 00107-18PDaGRbGRcOId2014-03-26iLF1l0o158.1 P438pp43574-30r2020-06-25w2020-06-25yLFPDZNo se presta 00107-18PDaPDbPDcOId2014-03-26iLF1l0o158.1 P438pp43574-10r2020-06-25w2020-06-25yLFPDZNo se presta 00107-18PDaPDbPDcOId2014-03-26iLF1l0o158.1 P438pp43574-20r2020-06-25w2020-06-25yLFPDZNo se presta c43062d43062